| 000 | 00513nam a2200181 a 4500 | ||
|---|---|---|---|
| 001 | 0614 | ||
| 005 | 20140414131914.0 | ||
| 008 | 040201s19uu xx 00 eng d | ||
| 020 | _a4-915249-62-X | ||
| 050 |
_aER _bC87 1989 |
||
| 100 | _aHirata, Shogo | ||
| 245 |
_aA crow in borrowed feathers : _bthe shephered who always lied / _cShogo Hirata. |
||
| 260 |
_aSingapore : _bJoie, _c1989. |
||
| 300 | _ap. ; cm. | ||
| 440 | _aillustrated fantasy books for children, 8 | ||
| 650 | _aFables. | ||
| 999 |
_c111351 _d111351 |
||